Chế độ thực dân Pháp trên đất Nam Kỳ : 1859 - 1954

Trình bày một cách đầy đủ, hệ thống về cách thức tổ chức, cũng như những thay đổi trong bộ máy chính quyền ở tất cả các cấp, chính sách cai trị trên hầu hết các lĩnh vực ở Nam Kỳ, xuyên suốt hơn 100 năm từ khi người Pháp bắt đầu...

Deskribapen osoa

Gorde:
Xehetasun bibliografikoak
Egile nagusia: Nguyễn, Đình Tư
Formatua: Liburua
Hizkuntza:Undetermined
Argitaratua: Thành phố Hồ Chí Minh Tổng hợp Thành phố Hồ Chí Minh 2016
Gaiak:
Etiketak: Etiketa erantsi
Etiketarik gabe, Izan zaitez lehena erregistro honi etiketa jartzen!
Thư viện lưu trữ: Trung tâm Học liệu Trường Đại học Cần Thơ
LEADER 01200nam a2200229Ia 4500
001 CTU_220783
008 210402s9999 xx 000 0 und d
020 |c 165000 
082 |a 959.703 
082 |b T550/T.2 
100 |a Nguyễn, Đình Tư 
245 0 |a Chế độ thực dân Pháp trên đất Nam Kỳ : 
245 0 |b 1859 - 1954 
245 0 |c Nguyễn Đình Tư 
260 |a Thành phố Hồ Chí Minh 
260 |b Tổng hợp Thành phố Hồ Chí Minh 
260 |c 2016 
520 |a Trình bày một cách đầy đủ, hệ thống về cách thức tổ chức, cũng như những thay đổi trong bộ máy chính quyền ở tất cả các cấp, chính sách cai trị trên hầu hết các lĩnh vực ở Nam Kỳ, xuyên suốt hơn 100 năm từ khi người Pháp bắt đầu đánh chiếm thành Gia Định (1859) đến khi ách thống trị của họ hoàn toàn sụp đổ (1954). 
650 |a Vietnam,Việt Nam 
650 |x History,Lịch sử 
904 |i Hải 
980 |a Trung tâm Học liệu Trường Đại học Cần Thơ